UK Cities that are South of London - Statistics

General Stats
  • This quiz has been taken 805 times
  • The average score is 8 of 14
Answers on the Map
Answers color-coded by a green-red scale on the quiz's map according to % correct below.
 
Answer Stats
City % Correct
Southampton
83%
Brighton and Hove
81%
Plymouth
79%
Bristol
76%
Portsmouth
73%
Exeter
65%
Cardiff
61%
Bath
52%
Canterbury
49%
Truro
43%
Winchester
34%
Salisbury
29%
Chichester
25%
Wells
21%
No matching quizzes found
Score Distribution
Percent of People with Each Score
Percentile by Number Answered
Your Score History
You have not taken this quiz